| 000 | 01494nmc a2200433 a 4500 | ||
|---|---|---|---|
| 003 | AR-BaBNM | ||
| 005 | 20251128203857.0 | ||
| 008 | 011101s1986 ||||||||||||||000 | spa|| | ||
| 040 | _cAR-BaBNM | ||
| 111 | 2 |
_aCongreso Iberoamericano de Educación sobre Valores de la Persona y Técnicas Educativas _d1981 _cBuenos Aires |
|
| 245 | 1 | 0 | _aValores de la persona y técnicas educativas |
| 250 | _a2ª ed. | ||
| 260 |
_aBuenos Aires _bDocencia _c1986 |
||
| 300 | 0 |
_a179 p. _bláms., tablas |
|
| 490 | 0 |
_aCongreso Pedagógico : compromiso y creatividad _v28 |
|
| 500 | 1 | _aContiene el discurso del Ministro de Cultura y Educación, Ingeniero Carlos Burundarena | |
| 504 | _aContiene bibliografía en notas a pie de página | ||
| 600 | 1 | 4 | _aBurundarena, Carlos A. |
| 610 | 2 | 4 | _aCongreso Iberoamericano de Educación |
| 650 | 4 | _aFILOSOFIA DE LA EDUCACION | |
| 650 | 4 | _aCRISIS DE LA EDUCACION | |
| 650 | 4 | _aFORMACION DE DOCENTES | |
| 650 | 4 | _aFINALIDADES DE LA EDUCACION | |
| 650 | 4 | _aCRISIS DE LA EDUCACION | |
| 650 | 4 | _aFINALIDADES DE LA EDUCACION | |
| 653 | 0 | _aEDUCACION EN VALORES | |
| 700 | 1 | _aYela Granizo, Mariano | |
| 700 | 1 | _aGozzer, Giovanni | |
| 700 | 1 | _aDe la Orden Hoz, Arturo | |
| 700 | 1 | _aLópez Quintás, Alfonso | |
| 700 | 1 | _aPrini, Pietro | |
| 700 | 1 | _aBeck, Heinrich | |
| 700 | 1 | _aBianchi, Ariel Edgardo | |
| 700 | 1 | _aMandrioni, Héctor Delfor | |
| 700 | 1 | _aSeifert, Josef | |
| 800 | 1 | _aGómez de Mier, Eugenio | |
| 942 | _cBK | ||
| 998 | _cSILVI | ||
| 999 |
_c5290 _d5290 |
||